Quizzes
Events
Quiz Creation
Community
Videos
Private Events
Remove Ads
Sign In
Join for FREE
Feedback
Dark Mode
Quiz Categories
Sports
Geography
Music
Movies
Television
Just For Fun
Miscellaneous
History
Literature
Language
Science
Gaming
Entertainment
Religion
Holiday
For Kids
Quiz Lab
Recent
Popular Today
Quiz Kudos Today
Editor Picks
Curator Picks
Quizzes by...
Day
Popularity
Type
Ratings
Length
Year
Community
Subscriptions
Recent Discussions
Orange Saloon
Badges
Playlists
Quests
Create
Leaderboards
Showdown
Live 5
Trivia Bingo
Activity
Puzzle Library
Sporcle Events
Private Events
Virtual Trivia
Globe League
Become a Host
Pub Owners
SporcleCon
Opinionation
Our Games
Videos
Blog
Mobile Apps
Partnerships
Remove Ads and Go Orange
Feedback
Television
TV Characters
TV Show
Sitcom
Network
Friends
Reality Shows
Cast
South Park
Star Trek
The Simpsons
Doctor Who
Television
TV Characters
TV Show
Sitcom
Network
Friends
Reality Shows
Cast
South Park
Star Trek
The Simpsons
Doctor Who
Random Quiz
Search Sporcle
×
Quiz Lab
Quiz Lab
Television
River
Type in answers that appear in a list
Type in answers that appear in a list
Classic
Best Score? Go Orange.
Name of the Doctor River and Doctors speech Stats
Can you name the Name of the Doctor River and Doctors speech
By
Princess_Jam
20m
200 Questions
258 Plays
258 Plays
258 Plays
Comments
Comments
Give Quiz Kudos
Give Quiz Kudos
-
- Ratings
hide this ad
More Info
Replay
Link that replays current quiz
Next Quiz
Link to next quiz in quiz playlist
You Got
0%
They Got
Avg Score
78%
Avg Friend Score
Upgrade to see
Score Distribution
Jump to the score distribution portion of the page
Score
0/200
Timer
20:00
0
Plays Today
Hint
Answer
% Correct
you
95.3%
you
95.3%
you
95.3%
You
95.3%
you
95.3%
you
95.3%
you
95.3%
you
95.3%
and
93.8%
and
93.8%
and
93.8%
a
93.8%
and
93.8%
a
93.8%
the
93.8%
the
93.8%
me
89.5%
me
89.5%
me
89.5%
me
89.5%
me
89.5%
do
89.1%
to
88%
to
88%
to
88%
to
88%
to
88%
to
88%
can
87.2%
River
River
87.2%
River
River
87.2%
can
87.2%
River
87.2%
River
River
87.2%
River
River
87.2%
River
87.2%
River
River
87.2%
River
River
87.2%
River
River
87.2%
can
87.2%
River
River
87.2%
The Doctor
The Doctor
86.8%
The Doctor
The Doctor
86.8%
The Doctor
The Doctor
86.8%
The Doctor
The Doctor
86.8%
The Doctor
The Doctor
86.8%
Doctor
86.8%
The Doctor
The Doctor
86.8%
The Doctor
The Doctor
86.8%
The Doctor
The Doctor
86.8%
always
86.4%
always
86.4%
always
86.4%
always
86.4%
be
86.4%
it
86%
it
86%
it
86%
it
86%
I
84.9%
I
84.9%
I
84.9%
I
84.9%
I
84.9%
I
84.9%
I
84.9%
I
84.9%
Hint
Answer
% Correct
I
84.9%
I
84.9%
I
84.9%
I
84.9%
I
84.9%
see
84.5%
see
84.5%
see
84.5%
No
84.1%
is
84.1%
You're
83.7%
here
83.7%
you're
83.7%
here
83.7%
how
82.9%
an
82.9%
How
82.9%
how
82.9%
how
82.9%
Then
81.4%
Then
81.4%
If
81.4%
then
81.4%
If
81.4%
then
81.4%
time
81%
time
81%
say
81%
say
81%
time
81%
why
80.6%
would
80.6%
would
80.6%
would
80.6%
have
80.2%
have
80.2%
goodbye
79.8%
Goodbye
79.8%
Song
79.1%
too
78.7%
was
78.7%
know
78.7%
know
78.7%
was
78.7%
hurt
78.3%
hurt
78.3%
There
78.3%
there
78.3%
are
77.9%
Like
77.5%
like
77.5%
like
77.5%
Sweetie
77.5%
didn't
77.1%
don't
77.1%
one
77.1%
Don't
77.1%
one
77.1%
Because
76.7%
much
76.7%
Because
76.7%
could
76.4%
Til
Til
76.4%
in
76%
in
76%
with
76%
thought
75.6%
Hint
Answer
% Correct
thought
75.6%
that
74.8%
come
74.8%
next
74.8%
Oh
Oh
74.8%
still
74.8%
ever
74.4%
tell
74%
There's
74%
going
74%
there's
74%
dead
74%
Well
73.6%
thing
73.6%
Clara
73.3%
only
73.3%
Clara
73.3%
back
72.9%
more
72.9%
way
72.5%
Isn't
72.1%
she's
72.1%
live
71.7%
said
71.7%
Spoilers
71.7%
speak
71.3%
when
71.3%
professor
70.9%
really
70.9%
But
70.5%
right
70.2%
It's
70.2%
loved
69.8%
around
69.8%
this
69%
of
68.2%
leave
67.8%
linked
67.4%
accept
67.1%
now
66.3%
listen
65.5%
haven't
65.1%
believe
64.3%
looked
63.6%
my
62.4%
should
62.4%
all
62%
hard
62%
mentally
61.6%
coped
61.2%
by
61.2%
knows
60.9%
up
60.1%
God
59.7%
else
58.9%
us
58.9%
end
58.5%
wait
58.1%
Okay
58.1%
nobody
57.8%
room
57%
Since
56.2%
echo
55%
sleep
53.5%
faded
50.8%
fault
45.3%
Quiz Playlist
Details
Report
Send in Message
Add To Playlist
More Info:
It starts with the Doctor saying "You're always here to me..."
Classic:
Type in answers that appear in a list
Quiz Source
Last Updated: Feb 16, 2017
Quiz Scoreboard
CHALLENGE
Sign Up to Join the Scoreboard
Show All
Scores
Hide
Comments
May contain spoilers
Recently Published
Popular People in 1961
by mucciniale
History
6m
1-10 Letter E Words III
by El_Dandy
Language
2m
One Thing in Common: World Cities II
by knightlancer
Geography
7m
More to Explore
Quiz From the Vault
Featured Blog Post
Where Did the Easter Bunny Come From?
hide this ad
You Might Also Like...
Tags
doctor
River
speech
Today's Top Quizzes in Television
Browse Television
hide this ad
Today's Top Quizzes in River
Browse River
Top Contributed Quizzes in Television
1
One Piece Logic Puzzle
2
Survivor Logic Puzzle: Heroes vs. Villains
3
Survivor Seasons
4
Survivor Season by Logo
5
Ultimate Survivor Logic Puzzle
6
Survivor Logic Puzzle: Winners at War
7
Survivor Trivia
8
Survivor Heroes vs. Villains Logic Puzzle
9
All US Survivor Seasons in Order
10
Emmerdale Characters (from August 2012)
Explore More
Trending Topics
Marvel
Disney
Anime
Kpop
Crossword
NBA
Harry Potter
Soccer
Pokémon
NFL
WWE
The Office
Song
Puzzle
Country
hide this ad
More By:
Princess_Jam
Quiz
Plays
Rating
Category
Featured
Created
1/4 Sherlock and Moriarty's speech (TRF)
902
5.00
Just For Fun
May 28, 2014
4/4Sherlock and Moriarty's speech(The Reichenbach Fall)
647
5.00
Just For Fun
Feb 28, 2014
2/4 Sherlock and Moriarty Speech (TRF)
528
Just For Fun
May 28, 2014
Speech in Under The Red Hood
462
4.00
Just For Fun
Feb 10, 2014
3/4 Sherlock & Moriarty Reichenbach fall speech
444
Just For Fun
May 28, 2014
Go to Creator's Profile
Score Distribution
Quiz Creator Spotlight
Princess_Jam
Follow
Send a Message
Quizzes Created
-
Created Quiz Play Count
-
More By This Creator
Popular Quizzes Today
1
Find the US States - No Outlines Minefield
2
The Countries of the World
3
Popular People in 1961
4
Find the Countries of Europe - No Outlines Minefield
5
1-10 Letter E Words III
6
Find the US States
7
One Thing in Common: World Cities II
8
US States
More Television Quizzes
'Girl' TV Shows
Published
Trending Quizzes
Country Music Stars Doing Things
Get the Picture: Carrie or Dolly
1-10 Letter F Words
1-10 Letter G Words
Risky Map Clicking: Next State Alphabetically
Recently Updated
Leaping Animals
pecheneg
Reality TV Shows (A-Z)
bhenderson79
Rickey Henderson's Hall of Fame Teammates
pecheneg
Champions League XIs: Arsenal
pecheneg
Quick Pick: Celebrities in WWE's Hall of Fame
aduchscher
A-Z Keypad Blitz II
pecheneg
Multiple Oscar Actors
pecheneg
Mystery Phrase Blitz: Oscar 'Best Actors'
pecheneg
F. Scott Fitzgerald Novels
LTH
Pick 3 Villains
ddd62291
Trending Topics
Anime
Marvel
Kpop
NBA
Harry Potter
Crossword
Disney
Song
WWE
Soccer
Puzzle
NFL
Country
The Office
Pokémon
Your Account Isn't Verified!
In order to create a playlist on Sporcle, you need to verify the email address you used during registration. Go to your
Sporcle Settings
to finish the process.
Report this User
Report this user for behavior that violates our
Community Guidelines
.
Details:
Send Report
Go to the Sporcle.com Mobile Site →
Comments